Thermal characterization of polymeric materials (Record no. 36775)

MARC details
000 -LEADER
fixed length control field 00389nam a2200145Ia 4500
082 ## - DEWEY DECIMAL CLASSIFICATION NUMBER
Classification number 678:536
Item number TUR
245 #0 - TITLE STATEMENT
Title Thermal characterization of polymeric materials
260 ## - PUBLICATION, DISTRIBUTION, ETC. (IMPRINT)
Place of publication New York
Name of publisher Academic
Year of publication 1981
650 ## - SUBJECT ADDED ENTRY--TOPICAL TERM
Topical Term Block copolymers
650 ## - SUBJECT ADDED ENTRY--TOPICAL TERM
Topical Term Graft copolymers
650 ## - SUBJECT ADDED ENTRY--TOPICAL TERM
Topical Term Polymerization
700 ## - ADDED ENTRY--PERSONAL NAME
Personal name Turi, Editha A
942 ## - ADDED ENTRY ELEMENTS (KOHA)
Koha item type Books
Holdings
Withdrawn status Lost status Damaged status Not for loan Home library Current library Date acquired Cost, normal purchase price Full call number Accession Number Koha item type
        RRII Library RRII Library 16/12/2021 98.00 678:536 TUR 17176 Books